000 00533nam a2200181 i 4500
001 38047
003 ES-MaACL
005 20251110063219.0
007 t|
008 030224s1923 sp ||||1| spa d
100 1 _aCabrera, Blas,
_d1878-1945
_933279
245 1 0 _aPrincipio de relatividad /
_cpor Blas Cabrera.
260 _aMadrid :
_b[s.n.,
_c1923] (
_fImp. Clásica Española)
300 _a348 p. :
_bil. ;
_c19 cm.
650 0 4 _aRelatividad (Física)
_916793
852 _aES-MaACL
_jF-5564
999 _c38047
_d38047